| 000 | 00397cam a22001097a 4500 | ||
|---|---|---|---|
| 008 | 180718b1988 xxu||||| |||| 00| 0 eng d | ||
| 082 | _aR22x5452 T152/17 | ||
| 245 |
_aReport on the 17th quinquennial wages census in Tamil Nadu Conducted during 1986 _cby Department of Statistics |
||
| 260 |
_aMadras _bGovernment of Statistics _c1988 |
||
| 300 | _av.p. | ||
| 700 | _aTamil Nadu. Department of Statistics | ||
| 999 |
_c496041 _d496041 |
||